[Event "DEM U14w 2015"]
[Site "Willingen GER"]
[Date "2015.05.26"]
[Round "4"]
[White "Grey, Andrea"]
[Black "Höglauer, Jenny"]
[Result "0-1"]
[Termination "normal"]
[Board "11"]
[WhiteElo "1424"]
[BlackElo "1487"]
[PlyCount "90"]
[WhiteFideId "12971880"]
[BlackFideId "12982598"]
[EventCountry "GER"]
[EventRounds "9"]
[EventType "swiss"]
[EventDate "2015.05.23"]

1. c4 e5 2. e4 Nf6 3. Nc3 Bb4 4. Nge2 b6 5. a3 Be7 6. g3 Bb7 7. Bg2 O-O 8. d3
d6 9. O-O Nbd7 10. Be3 Re8 11. h3 h6 12. f4 exf4 13. Nxf4 Ne5 14. b3 c5 15. Qd2
Bf8 16. Rfb1 Qd7 17. b4 Nh7 18. b5 f5 19. Qe2 Nf6 20. Nfd5 Nxd5 21. exd5 Be7
22. Qd2 Bf6 23. Re1 Qf7 24. Rf1 Qg6 25. Kh2 Rad8 26. Rae1 Nf7 27. Bf4 Be5 28.
Bxe5 Rxe5 29. Ne2 Bc8 30. Nf4 Qf6 31. Re2 Rde8 32. Rfe1 Rxe2 33. Rxe2 Rxe2 34.
Qxe2 Bd7 35. Ne6 Ne5 36. Nf4 g5 37. Nh5 Qf7 38. Qd1 Be8 39. g4 fxg4 40. hxg4
Bd7 41. Bh3 Qf2+ 42. Kh1 Kf7 43. a4 Nf3 44. Bg2 Qh4+ 45. Bh3 Qxh3# 0-1

[Event "DEM U14w 2015"]
[Site "Willingen GER"]
[Date "2015.05.26"]
[Round "4"]
[White "Heil, Valerie"]
[Black "Möller, Lisa-Marie"]
[Result "1/2-1/2"]
[Termination "normal"]
[Board "12"]
[WhiteElo "1087"]
[BlackElo "1493"]
[PlyCount "60"]
[WhiteFideId "16208790"]
[BlackFideId "12959367"]
[EventCountry "GER"]
[EventRounds "9"]
[EventType "swiss"]
[EventDate "2015.05.23"]

1. e4 d5 2. exd5 Qxd5 3. Nc3 Qa5 4. Nf3 Nf6 5. d4 c6 6. Bd2 Qb6 7. Na4 Qc7 8.
c4 Bf5 9. Be2 e6 10. Qb3 Be7 11. Rc1 O-O 12. O-O Rd8 13. Rfd1 Na6 14. a3 c5 15.
Bg5 cxd4 16. Nxd4 Bg6 17. Nb5 Qe5 18. Rxd8+ Bxd8 19. Qe3 Qxe3 20. Bxe3 b6 21.
c5 bxc5 22. Nxc5 Nxc5 23. Bxc5 a6 24. Nd6 Nd5 25. b4 Nf4 26. Re1 Nxe2+ 27. Rxe2
Bd3 28. Rd2 Bb5 29. Nxb5 axb5 30. h3 Bf6 1/2-1/2

[Event "DEM U14w 2015"]
[Site "Willingen GER"]
[Date "2015.05.26"]
[Round "4"]
[White "Albert, Eske"]
[Black "Kümmel, Tina"]
[Result "1-0"]
[Termination "normal"]
[Board "13"]
[WhiteElo "964"]
[BlackElo "1381"]
[PlyCount "87"]
[WhiteFideId "12991813"]
[BlackFideId "12979368"]
[EventCountry "GER"]
[EventRounds "9"]
[EventType "swiss"]
[EventDate "2015.05.23"]

1. e4 e6 2. d4 d5 3. exd5 exd5 4. Bd3 Nf6 5. Nf3 Bd6 6. O-O O-O 7. Bg5 Bg4 8.
Nbd2 c6 9. c3 Nbd7 10. Qc2 Qc7 11. Rfe1 Rac8 12. b4 Rfe8 13. a3 Re6 14. Re3
Rce8 15. Rae1 h6 16. Bxf6 Nxf6 17. h3 Bxf3 18. Nxf3 a5 19. Qa4 axb4 20. axb4
Bf4 21. Rxe6 fxe6 22. Bg6 Re7 23. Ne5 Qb8 24. Ra1 Bxe5 25. dxe5 Nd7 26. Qa8
Qxa8 27. Rxa8+ Nf8 28. Bh5 Rc7 29. f4 b6 30. Kf2 c5 31. b5 Rd7 32. Ke3 Rb7 33.
Kd3 c4+ 34. Kd4 g5 35. fxg5 hxg5 36. Ke3 Kg7 37. Re8 Kg8 38. g3 Ra7 39. Rb8 Ra3
40. Kd4 Ra1 41. Rxb6 Rd1+ 42. Bxd1 Kf7 43. Rc6 Kg6 44. Rc7 1-0

[Event "DEM U14w 2015"]
[Site "Willingen GER"]
[Date "2015.05.26"]
[Round "5"]
[White "Mütsch, Annmarie"]
[Black "Schneider, Jana"]
[Result "1/2-1/2"]
[Termination "normal"]
[Board "1"]
[WhiteElo "1868"]
[BlackElo "2037"]
[WhiteClock "00:20:20"]
[BlackClock "00:10:03"]
[PlyCount "98"]
[WhiteFideId "12971367"]
[BlackFideId "12924997"]
[EventCountry "GER"]
[EventRounds "9"]
[EventType "swiss"]
[EventDate "2015.05.23"]

1. e4 e5 2. Nf3 Nc6 3. Bc4 Bc5 4. c3 Nf6 5. d3 O-O 6. Nbd2 d5 7. exd5 Nxd5 8.
O-O Bg4 9. Ne4 Bb6 10. h3 Bh5 11. Ng3 Bg6 12. Re1 f6 13. Nh4 Nce7 14. d4 Kh8
15. Nf3 Qd6 16. Bxd5 Qxd5 17. dxe5 Qxd1 18. Rxd1 fxe5 19. Re1 Nf5 20. Nxf5 Bxf5
21. Be3 Bxh3 22. Bxb6 axb6 23. Rxe5 Bg4 24. Nd4 g6 25. Re7 c5 26. Nb5 Rad8 27.
f3 Bc8 28. Rae1 Kg8 29. Kf2 Bd7 30. Nd6 Bc6 31. Ne4 Rd7 32. Re6 Kg7 33. Ng5
Rd2+ 34. R1e2 Rxe2+ 35. Rxe2 Re8 36. Rxe8 Bxe8 37. Ke3 h6 38. Ne4 g5 39. g3 Bc6
40. Nd2 Kf6 41. b4 Ke6 42. f4 Kf5 43. fxg5 hxg5 44. a3 Kg4 45. Kf2 Kf5 46. Ke3
Bd7 47. Ne4 Bc6 48. Nd2 Kg4 49. Kf2 Kf5 1/2-1/2

[Event "DEM U14w 2015"]
[Site "Willingen GER"]
[Date "2015.05.26"]
[Round "5"]
[White "Köhler, Inken"]
[Black "Sanati, Charlotte"]
[Result "0-1"]
[Termination "normal"]
[Board "2"]
[WhiteElo "1777"]
[BlackElo "1862"]
[WhiteClock "00:12:58"]
[BlackClock "00:10:51"]
[PlyCount "110"]
[WhiteFideId "12929301"]
[BlackFideId "12907707"]
[EventCountry "GER"]
[EventRounds "9"]
[EventType "swiss"]
[EventDate "2015.05.23"]

1. e4 e6 2. d4 d5 3. exd5 exd5 4. Bd3 Nc6 5. c3 Bd6 6. Ne2 Bg4 7. Qb3 Nge7 8.
Bg5 Qd7 9. Nd2 f6 10. Bh4 O-O-O 11. O-O-O Rde8 12. Bg3 Nf5 13. f3 Nxg3 14. Nxg3
Be6 15. Rhe1 g6 16. Re2 Rhg8 17. Qc2 Bf4 18. Kb1 Qd6 19. Ndf1 Kb8 20. Rde1 Re7
21. Rf2 Rge8 22. Ne2 Bf7 23. g3 Be3 24. Nxe3 Rxe3 25. Qd2 Na5 26. Rff1 Qe7 27.
b3 g5 28. Be4 Rxe2 29. Rxe2 dxe4 30. fxe4 Rd8 31. Qe3 Bg6 32. Kb2 Re8 33. Rfe1
Qd7 34. Qf2 Bh5 35. Re3 Qb5 36. Kc2 Qc6 37. Qf5 b6 38. Qxh7 Bg4 39. h3 Bd7 40.
Rf1 f5 41. Rfe1 fxe4 42. Rxe4 Rxe4 43. Rxe4 Qd5 44. g4 Bc6 45. Kd3 Qb5+ 46. c4
Bxe4+ 47. Qxe4 Qd7 48. Qe5 Nc6 49. Qh8+ Kb7 50. Kc3 Qe7 51. d5 Qe1+ 52. Kb2
Qd2+ 53. Ka3 Nb4 54. Qf8 Qxa2+ 55. Kxb4 Qa5# 0-1

[Event "DEM U14w 2015"]
[Site "Willingen GER"]
[Date "2015.05.26"]
[Round "5"]
[White "Schulze, Lara"]
[Black "Reinecke, Katharina"]
[Result "1/2-1/2"]
[Termination "normal"]
[Board "3"]
[WhiteElo "1874"]
[BlackElo "1745"]
[WhiteClock "00:05:14"]
[BlackClock "00:01:32"]
[PlyCount "60"]
[WhiteFideId "12956830"]
[BlackFideId "12929727"]
[EventCountry "GER"]
[EventRounds "9"]
[EventType "swiss"]
[EventDate "2015.05.23"]

1. e4 c6 2. d4 d5 3. exd5 cxd5 4. c4 Nf6 5. Nc3 e6 6. Nf3 Be7 7. Bd3 Nc6 8. a3
a6 9. O-O dxc4 10. Bxc4 b5 11. Ba2 Bb7 12. Bg5 O-O 13. Re1 Rc8 14. Rc1 Na5 15.
Ne5 Nd5 16. Bxe7 Nxe7 17. Bb1 Nc4 18. Ne4 Nxe5 19. dxe5 Rxc1 20. Qxc1 Qd5 21.
Qg5 Ng6 22. Nc3 Qd4 23. Bxg6 hxg6 24. Rd1 Qb6 25. Rd3 Qc7 26. Rh3 Qd8 27. Qf4
Qe7 28. Rd3 Rd8 29. Qd2 Rxd3 30. Qxd3 Qc7 1/2-1/2

[Event "DEM U14w 2015"]
[Site "Willingen GER"]
[Date "2015.05.26"]
[Round "5"]
[White "Flach, Helene"]
[Black "Walow, Xenia"]
[Result "1-0"]
[Termination "normal"]
[Board "4"]
[WhiteElo "1702"]
[BlackElo "1509"]
[WhiteClock "00:21:21"]
[BlackClock "00:16:13"]
[PlyCount "71"]
[WhiteFideId "12929735"]
[BlackFideId "12971839"]
[EventCountry "GER"]
[EventRounds "9"]
[EventType "swiss"]
[EventDate "2015.05.23"]

1. e4 c5 2. Nf3 d6 3. Bb5+ Bd7 4. Bxd7+ Nxd7 5. O-O e6 6. c3 g6 7. d4 Bg7 8.
Re1 cxd4 9. cxd4 Ne7 10. Nc3 O-O 11. Bg5 Re8 12. Rc1 Qb6 13. Qd2 Nc6 14. Be3
Qd8 15. Nb5 Nf6 16. Bg5 a6 17. Nc3 Qd7 18. h3 Rec8 19. Bf4 d5 20. exd5 exd5 21.
Ne5 Nxe5 22. dxe5 Nh5 23. Bh2 d4 24. g4 Rd8 25. Ne4 f5 26. Nc5 Qe7 27. gxh5
gxh5 28. Qf4 Rac8 29. Nd3 Rxc1 30. Rxc1 Qe6 31. Qg5 Qg6 32. Qxg6 hxg6 33. Rc7
b5 34. Ra7 Kh7 35. Rxa6 Rc8 36. Rd6 1-0

[Event "DEM U14w 2015"]
[Site "Willingen GER"]
[Date "2015.05.26"]
[Round "5"]
[White "Weimert, Miriam"]
[Black "Gauchel, Verena"]
[Result "1-0"]
[Termination "normal"]
[Board "5"]
[WhiteElo "1561"]
[BlackElo "1414"]
[WhiteClock "00:35:58"]
[BlackClock "00:18:04"]
[PlyCount "121"]
[WhiteFideId "12966703"]
[BlackFideId "12988537"]
[EventCountry "GER"]
[EventRounds "9"]
[EventType "swiss"]
[EventDate "2015.05.23"]

1. e4 c5 2. Nf3 Nf6 3. Nc3 d6 4. d4 cxd4 5. Nxd4 Nc6 6. Be3 Bd7 7. Bc4 g6 8.
O-O Bg7 9. f4 Na5 10. Be2 Nc6 11. Qd2 Qc8 12. f5 Nxd4 13. Bxd4 Bc6 14. Qe3 a6
15. Rad1 b5 16. a3 Qb7 17. Bf3 Rc8 18. Rd2 Qc7 19. Bb6 Qb7 20. Rfd1 O-O 21. Bd4
a5 22. Nd5 Bxd5 23. exd5 b4 24. a4 Rb8 25. Rd3 Rbc8 26. R1d2 Qd7 27. b3 Rfe8
28. fxg6 fxg6 29. Qf4 Qc7 30. Rf2 Rf8 31. Qe3 Rb8 32. c4 bxc3 33. Rxc3 Qb7 34.
Qe6+ Kh8 35. Rb2 Rbc8 36. h3 Rxc3 37. Bxc3 Qc8 38. Qe1 Qc5+ 39. Kh2 Ra8 40. Rc2
Qa7 41. Re2 Bf8 42. Re6 Kg7 43. Qh4 Rb8 44. Bxf6+ exf6 45. Qxf6+ Kg8 46. Bd1
Rb7 47. Re8 Rf7 48. Qxd6 Kg7 49. Qe5+ Kg8 50. Bg4 Qc7 51. d6 Qb7 52. Be6 Qa7
53. d7 Qb6 54. d8=Q Qxd8 55. Rxd8 h6 56. Bxf7+ Kxf7 57. Qe8+ Kf6 58. Qxf8+ Ke6
59. Qxh6 Kf6 60. Re8 Kf7 61. Qf8# 1-0

[Event "DEM U14w 2015"]
[Site "Willingen GER"]
[Date "2015.05.26"]
[Round "5"]
[White "Nguyen, Ha Thanh"]
[Black "Rosenhain, Rachela"]
[Result "1-0"]
[Termination "normal"]
[Board "6"]
[WhiteElo "1655"]
[BlackElo "1826"]
[WhiteClock "00:41:50"]
[BlackClock "00:17:49"]
[PlyCount "83"]
[WhiteFideId "12942154"]
[BlackFideId "12957615"]
[EventCountry "GER"]
[EventRounds "9"]
[EventType "swiss"]
[EventDate "2015.05.23"]

1. e4 e5 2. Nf3 Nc6 3. Bc4 Nf6 4. d3 Be7 5. c3 O-O 6. Bb3 d5 7. Nbd2 Bg4 8. h3
Bh5 9. O-O Qd7 10. Re1 Rad8 11. Qe2 Rfe8 12. Nf1 Bg6 13. Ng3 h6 14. Nh4 Bh7 15.
Nhf5 Bc5 16. Qf3 Ne7 17. Nxh6+ Kf8 18. Nh5 Qe6 19. Nxf6 Qxf6 20. Qxf6 gxf6 21.
Ng4 Kg7 22. Bh6+ Kg6 23. Bc2 d4 24. Rad1 Ng8 25. Bc1 Kg7 26. Kh1 Bg6 27. f3 Re6
28. Nh2 Nh6 29. f4 Ra6 30. a4 Rh8 31. g4 Ng8 32. f5 Bh7 33. Nf3 Bb6 34. cxd4
Bxd4 35. Nxd4 exd4 36. b4 Ne7 37. Bb3 Rd6 38. Bf4 Rd7 39. e5 Nc6 40. exf6+ Kxf6
41. b5 Re7 42. bxc6 1-0

[Event "DEM U14w 2015"]
[Site "Willingen GER"]
[Date "2015.05.26"]
[Round "5"]
[White "Höglauer, Jenny"]
[Black "Reitz, Theresa"]
[Result "1/2-1/2"]
[Termination "normal"]
[Board "7"]
[WhiteElo "1487"]
[BlackElo "1485"]
[PlyCount "71"]
[WhiteFideId "12982598"]
[BlackFideId "12971901"]
[EventCountry "GER"]
[EventRounds "9"]
[EventType "swiss"]
[EventDate "2015.05.23"]

1. e4 c5 2. Nc3 a6 3. g3 b5 4. d3 Bb7 5. Bg2 e6 6. f4 d5 7. e5 Ne7 8. Nf3 Nf5
9. g4 Nh4 10. O-O Nxg2 11. Kxg2 Nc6 12. Ne2 Qb6 13. Ng3 Be7 14. c3 d4 15. Bd2
h6 16. Qe2 Qc7 17. Rae1 dxc3 18. bxc3 g5 19. Kg1 gxf4 20. Bxf4 O-O-O 21. h3 Bg5
22. Bxg5 hxg5 23. Nxg5 Rdg8 24. Rxf7 Qa5 25. Qd2 Qd8 26. N3e4 Nxe5 27. Nxe6 Qb6
28. Rxb7 Qxb7 29. Nd6+ Kb8 30. Nxb7 Nf3+ 31. Kg2 Nxd2 32. Nbxc5 Rh6 33. Nf4 Rc8
34. Nfe6 Rch8 35. Nf4 Rc8 36. Nfe6 1/2-1/2

[Event "DEM U14w 2015"]
[Site "Willingen GER"]
[Date "2015.05.26"]
[Round "5"]
[White "Mönster, Madita"]
[Black "Fesselier, Chelsea"]
[Result "1/2-1/2"]
[Termination "normal"]
[Board "8"]
[WhiteElo "1659"]
[BlackElo "1688"]
[PlyCount "42"]
[WhiteFideId "12947156"]
[BlackFideId "26024624"]
[EventCountry "GER"]
[EventRounds "9"]
[EventType "swiss"]
[EventDate "2015.05.23"]

1. e4 c5 2. Ne2 e6 3. c4 Nc6 4. Nbc3 d6 5. d4 cxd4 6. Nxd4 a6 7. Be2 Nf6 8. Be3
Be7 9. O-O O-O 10. Rc1 Qc7 11. f4 Nb8 12. b4 Nbd7 13. Qe1 Re8 14. Qg3 Bf8 15.
Bd3 b6 16. Nf3 g6 17. Ng5 Bg7 18. f5 Ne5 19. fxg6 fxg6 20. Be2 Re7 21. Bf4 Nfd7
1/2-1/2

[Event "DEM U14w 2015"]
[Site "Willingen GER"]
[Date "2015.05.26"]
[Round "5"]
[White "Riegel, Arinna"]
[Black "Voß, Henrike"]
[Result "1/2-1/2"]
[Termination "normal"]
[Board "9"]
[WhiteElo "1663"]
[BlackElo "1570"]
[PlyCount "63"]
[WhiteFideId "12931446"]
[BlackFideId "12971910"]
[EventCountry "GER"]
[EventRounds "9"]
[EventType "swiss"]
[EventDate "2015.05.23"]

1. e4 e5 2. Nf3 Nc6 3. Bb5 a6 4. Bxc6 bxc6 5. O-O d6 6. b3 Ne7 7. Bb2 Ng6 8. d4
exd4 9. Qxd4 Be6 10. Nbd2 d5 11. exd5 cxd5 12. Rfe1 Qd7 13. Qe3 h6 14. Ne5 Nxe5
15. Qxe5 Rd8 16. Nf3 c5 17. Nh4 Rh7 18. Nf5 g6 19. Rab1 gxf5 20. Qxf5 Rg7 21.
Bxg7 Bxg7 22. Re3 Kf8 23. Qf4 Bf5 24. Re2 Bg6 25. Rbe1 a5 26. Re6 Bxc2 27. Re7
Qxe7 28. Rxe7 Kxe7 29. Qc7+ Ke8 30. Qc6+ Rd7 31. Qc8+ Rd8 32. Qc6+ 1/2-1/2

[Event "DEM U14w 2015"]
[Site "Willingen GER"]
[Date "2015.05.26"]
[Round "5"]
[White "Möller, Lisa-Marie"]
[Black "Browning, Rebecca"]
[Result "1/2-1/2"]
[Termination "normal"]
[Board "10"]
[WhiteElo "1493"]
[BlackElo "1590"]
[PlyCount "51"]
[WhiteFideId "12959367"]
[BlackFideId "12984027"]
[EventCountry "GER"]
[EventRounds "9"]
[EventType "swiss"]
[EventDate "2015.05.23"]

1. g3 Nc6 2. Bg2 b6 3. d3 e6 4. Nf3 Bb7 5. O-O Be7 6. e4 d6 7. Re1 Nf6 8. e5
Nd7 9. exd6 Bxd6 10. Bg5 Be7 11. Bxe7 Nxe7 12. Nc3 Qc8 13. Qe2 O-O 14. Ne4 h6
15. c4 Nf5 16. g4 Nd6 17. Nfd2 Rb8 18. g5 hxg5 19. Nxg5 Bxg2 20. Kxg2 Nf6 21.
Nde4 Ndxe4 22. Nxe4 Qb7 23. Qf3 Nxe4 24. Rxe4 Rbd8 25. Kg1 Rd4 26. Kg2 1/2-1/2

[Event "DEM U14w 2015"]
[Site "Willingen GER"]
[Date "2015.05.26"]
[Round "5"]
[White "Manco, Michela"]
[Black "Grey, Andrea"]
[Result "1/2-1/2"]
[Termination "normal"]
[Board "11"]
[WhiteElo "1607"]
[BlackElo "1424"]
[PlyCount "76"]
[WhiteFideId "12943908"]
[BlackFideId "12971880"]
[EventCountry "GER"]
[EventRounds "9"]
[EventType "swiss"]
[EventDate "2015.05.23"]

1. e4 d6 2. d4 g6 3. Nc3 Bg7 4. Be3 e6 5. Qd2 Nd7 6. f3 Ne7 7. g4 d5 8. e5 b6
9. h4 Bb7 10. O-O-O c6 11. Bh6 Bf8 12. h5 Qc7 13. Bg5 Bg7 14. h6 Bf8 15. f4
O-O-O 16. Bd3 a6 17. f5 exf5 18. gxf5 gxf5 19. Rf1 c5 20. Bxf5 Re8 21. Bf6 Nxf5
22. Rxf5 Nxf6 23. exf6 Bd6 24. Nge2 cxd4 25. Nxd4 Be5 26. Rg1 Qd6 27. Nf3 Bxf6
28. Nxd5 Bxd5 29. Rxd5 Qc7 30. Kb1 Rd8 31. Rd3 Kb8 32. a3 Qc6 33. Qf4+ Ka8 34.
Rgd1 Qe6 35. Re1 Qc6 36. Red1 Qe6 37. Re1 Qc6 38. Red1 Qe6 1/2-1/2

[Event "DEM U14w 2015"]
[Site "Willingen GER"]
[Date "2015.05.26"]
[Round "5"]
[White "Suhr, Saskia"]
[Black "Albert, Eske"]
[Result "1-0"]
[Termination "normal"]
[Board "12"]
[WhiteElo "821"]
[BlackElo "964"]
[PlyCount "65"]
[WhiteFideId "16208803"]
[BlackFideId "12991813"]
[EventCountry "GER"]
[EventRounds "9"]
[EventType "swiss"]
[EventDate "2015.05.23"]

1. e4 e5 2. Nf3 Nc6 3. Bc4 Bc5 4. d3 Nf6 5. c3 d6 6. O-O O-O 7. Bb3 Be6 8. Nbd2
d5 9. exd5 Nxd5 10. Re1 Bd6 11. Nf1 Re8 12. Ng3 Qd7 13. h3 f6 14. Be3 Bf7 15.
c4 Nxe3 16. Rxe3 Bc5 17. Re1 Nd4 18. Nh4 Qc6 19. Ba4 b5 20. cxb5 Nxb5 21. Nhf5
Qb6 22. Rf1 Red8 23. Qg4 Bg6 24. Qc4+ Kf8 25. Bxb5 Rab8 26. a4 a6 27. Bxa6 Be8
28. Ne4 Bd4 29. Rab1 Bxb2 30. Nc5 Qa7 31. Ne6+ Kf7 32. Nxd8+ Kg6 33. Qg4# 1-0

[Event "DEM U14w 2015"]
[Site "Willingen GER"]
[Date "2015.05.26"]
[Round "5"]
[White "Kümmel, Tina"]
[Black "Heil, Valerie"]
[Result "1-0"]
[Termination "normal"]
[Board "13"]
[WhiteElo "1381"]
[BlackElo "1087"]
[PlyCount "59"]
[WhiteFideId "12979368"]
[BlackFideId "16208790"]
[EventCountry "GER"]
[EventRounds "9"]
[EventType "swiss"]
[EventDate "2015.05.23"]

1. Nf3 d5 2. g3 Nf6 3. Bg2 c6 4. O-O Nbd7 5. d3 e6 6. Nbd2 Bd6 7. e4 O-O 8. Re1
e5 9. c3 Re8 10. Qc2 Qb6 11. Nf1 d4 12. Bg5 h6 13. Bxf6 Nxf6 14. cxd4 Bg4 15.
dxe5 Bxe5 16. Nxe5 Rxe5 17. Ne3 Be6 18. Nc4 Bxc4 19. dxc4 Rd8 20. b3 Qc5 21.
Rac1 b5 22. cxb5 Qxc2 23. Rxc2 Rxb5 24. Rxc6 Rd2 25. Ra6 Ng4 26. Rf1 Rb7 27. h3
Ne5 28. f4 Nd3 29. e5 Nb4 30. Bxb7 1-0

[Event "DEM U14w 2015"]
[Site "Willingen GER"]
[Date "2015.05.27"]
[Round "6"]
[White "Sanati, Charlotte"]
[Black "Flach, Helene"]
[Result "1-0"]
[Termination "normal"]
[Board "1"]
[WhiteElo "1862"]
[BlackElo "1702"]
[WhiteClock "00:17:51"]
[BlackClock "00:04:04"]
[PlyCount "53"]
[WhiteFideId "12907707"]
[BlackFideId "12929735"]
[EventCountry "GER"]
[EventRounds "9"]
[EventType "swiss"]
[EventDate "2015.05.23"]

1. e4 e5 2. Nf3 Nc6 3. Bb5 a6 4. Ba4 Nf6 5. O-O Be7 6. Re1 b5 7. Bb3 O-O 8. a4
Bb7 9. c3 d6 10. d4 exd4 11. cxd4 Na5 12. Bc2 c5 13. Nbd2 Nc6 14. e5 dxe5 15.
dxe5 Nd5 16. Bb1 Nf4 17. Qc2 Ng6 18. Ne4 Nb4 19. Qe2 Bc6 20. Neg5 Bxg5 21. Nxg5
Re8 22. Qh5 Rxe5 23. Rxe5 Nxe5 24. Bxh7+ Kf8 25. Bf4 Qd5 26. Be4 Qd7 27. Bxe5
1-0

[Event "DEM U14w 2015"]
[Site "Willingen GER"]
[Date "2015.05.27"]
[Round "6"]
[White "Mütsch, Annmarie"]
[Black "Schulze, Lara"]
[Result "1/2-1/2"]
[Termination "normal"]
[Board "2"]
[WhiteElo "1868"]
[BlackElo "1874"]
[WhiteClock "00:09:30"]
[BlackClock "00:07:15"]
[PlyCount "74"]
[WhiteFideId "12971367"]
[BlackFideId "12956830"]
[EventCountry "GER"]
[EventRounds "9"]
[EventType "swiss"]
[EventDate "2015.05.23"]

1. e4 c5 2. Nf3 Nc6 3. d4 cxd4 4. Nxd4 g6 5. c4 Nf6 6. Nc3 Bg7 7. Nc2 O-O 8.
Be2 d6 9. O-O Nd7 10. Bd2 a5 11. f3 Nc5 12. Kh1 Bd7 13. Rb1 Ne6 14. Nd5 Ned4
15. Nxd4 Nxd4 16. Be3 Nxe2 17. Qxe2 Bc6 18. Rbd1 Bxd5 19. Rxd5 Qc7 20. Rfd1
Rfd8 21. b3 a4 22. Qf2 axb3 23. axb3 Ra6 24. Bd4 Bxd4 25. Qxd4 Qb6 26. h3 Qxd4
27. R1xd4 Rb6 28. Rd3 Ra8 29. c5 dxc5 30. Rxc5 Rc6 31. Rb5 Ra2 32. Rd1 Rcc2 33.
Rg1 Rc7 34. Rb4 Kg7 35. Rc4 Rd7 36. Kh2 Rb2 37. Rb4 Kf6 1/2-1/2

[Event "DEM U14w 2015"]
[Site "Willingen GER"]
[Date "2015.05.27"]
[Round "6"]
[White "Reinecke, Katharina"]
[Black "Schneider, Jana"]
[Result "0-1"]
[Termination "normal"]
[Board "3"]
[WhiteElo "1745"]
[BlackElo "2037"]
[WhiteClock "00:08:12"]
[BlackClock "00:44:09"]
[PlyCount "132"]
[WhiteFideId "12929727"]
[BlackFideId "12924997"]
[EventCountry "GER"]
[EventRounds "9"]
[EventType "swiss"]
[EventDate "2015.05.23"]

1. d4 d5 2. Nf3 Bf5 3. g3 e6 4. c4 Nf6 5. Nc3 c6 6. Nh4 Be4 7. f3 Bf5 8. Nxf5
exf5 9. Qb3 Qd7 10. Bg2 Be7 11. O-O O-O 12. Bg5 h6 13. Bxf6 Bxf6 14. Rad1 dxc4
15. Qxc4 Qe6 16. Qxe6 fxe6 17. f4 Rd8 18. e3 Na6 19. Na4 Rd7 20. a3 Be7 21. b4
Rc8 22. Nc5 Bxc5 23. dxc5 Rcd8 24. Bf3 Nc7 25. Rxd7 Rxd7 26. Rd1 Rxd1+ 27. Bxd1
Kf7 28. Bc2 a6 29. e4 fxe4 30. Bxe4 Nb5 31. a4 Nc3 32. Bc2 Nd5 33. b5 cxb5 34.
axb5 axb5 35. Bb3 Nc7 36. f5 Ke7 37. fxe6 Nxe6 38. Kf2 Nxc5 39. Bc2 Kd6 40. Ke3
Kd5 41. Kd2 Kd4 42. g4 b4 43. h4 b3 44. Bg6 Kc4 45. g5 Kb4 46. gxh6 gxh6 47. h5
Ka3 48. Ke3 Ka2 49. Kd4 Na6 50. Bf7 b5 51. Ke5 Nc5 52. Kd4 Na4 53. Ke5 Nb6 54.
Kf6 Nc4 55. Kg7 b2 56. Bg6 Ne5 57. Bf5 Ng4 58. Bxg4 b1=Q 59. Kxh6 b4 60. Be6+
b3 61. Kg7 Qg1+ 62. Kh7 Qa7+ 63. Kg8 Qb6 64. Kf7 Qc7+ 65. Kg6 Qd8 66. h6 Qh8
0-1

[Event "DEM U14w 2015"]
[Site "Willingen GER"]
[Date "2015.05.27"]
[Round "6"]
[White "Köhler, Inken"]
[Black "Weimert, Miriam"]
[Result "1/2-1/2"]
[Termination "normal"]
[Board "4"]
[WhiteElo "1777"]
[BlackElo "1561"]
[WhiteClock "00:21:43"]
[BlackClock "00:36:16"]
[PlyCount "86"]
[WhiteFideId "12929301"]
[BlackFideId "12966703"]
[EventCountry "GER"]
[EventRounds "9"]
[EventType "swiss"]
[EventDate "2015.05.23"]

1. e4 c5 2. d4 cxd4 3. c3 dxc3 4. Nxc3 Nc6 5. Nf3 e6 6. Bc4 Nge7 7. O-O Ng6 8.
Qe2 d6 9. Rd1 a6 10. Be3 Be7 11. Rac1 O-O 12. Bb3 Bd7 13. Nd4 Rc8 14. a3 Qc7
15. Ba2 Qb8 16. b4 b5 17. f4 Nxd4 18. Rxd4 Bc6 19. Qd2 Nxf4 20. Bxf4 e5 21. Rd3
exf4 22. Qxf4 h6 23. Rf1 Bf6 24. Nd5 Bxd5 25. Bxd5 Be5 26. Bxf7+ Kh8 27. Qe3
Rc7 28. Bd5 Rxf1+ 29. Kxf1 Qf8+ 30. Ke1 Qf6 31. g3 Bc3+ 32. Ke2 Bb2 33. Bb3
Bxa3 34. Qb6 Re7 35. Qb8+ Kh7 36. Bg8+ Kg6 37. Rxd6 Rxe4+ 38. Kd3 Rd4+ 39. Rxd4
Qf3+ 40. Kc2 Qe2+ 41. Rd2 Qe4+ 42. Kd1 Qf3+ 43. Kc2 Qe4+ 1/2-1/2

[Event "DEM U14w 2015"]
[Site "Willingen GER"]
[Date "2015.05.27"]
[Round "6"]
[White "Fesselier, Chelsea"]
[Black "Nguyen, Ha Thanh"]
[Result "1/2-1/2"]
[Termination "normal"]
[Board "5"]
[WhiteElo "1688"]
[BlackElo "1655"]
[WhiteClock "00:20:05"]
[BlackClock "01:09:51"]
[PlyCount "62"]
[WhiteFideId "26024624"]
[BlackFideId "12942154"]
[EventCountry "GER"]
[EventRounds "9"]
[EventType "swiss"]
[EventDate "2015.05.23"]

1. e4 c5 2. Nf3 Nc6 3. d4 cxd4 4. Nxd4 g6 5. c4 Bg7 6. Be3 Nf6 7. Nc3 O-O 8.
Be2 d6 9. Qd2 Ng4 10. Bxg4 Bxg4 11. Nxc6 bxc6 12. f3 Be6 13. b3 Qa5 14. Rc1
Rfd8 15. O-O d5 16. exd5 cxd5 17. cxd5 Bxd5 18. Nxd5 Qxd2 19. Bxd2 Rxd5 20. Be3
Be5 21. Rc4 Ra5 22. a4 Rb8 23. Rb1 Kf8 24. Rc5 Rxc5 25. Bxc5 a6 26. b4 Ke8 27.
Re1 Bf6 28. Kf2 e6 29. Re3 Rc8 30. Kg3 a5 31. Re4 Bc3 1/2-1/2

[Event "DEM U14w 2015"]
[Site "Willingen GER"]
[Date "2015.05.27"]
[Round "6"]
[White "Gauchel, Verena"]
[Black "Mönster, Madita"]
[Result "0-1"]
[Termination "normal"]
[Board "7"]
[WhiteElo "1414"]
[BlackElo "1659"]
[PlyCount "116"]
[WhiteFideId "12988537"]
[BlackFideId "12947156"]
[EventCountry "GER"]
[EventRounds "9"]
[EventType "swiss"]
[EventDate "2015.05.23"]

1. d4 Nf6 2. Bf4 d5 3. e3 c5 4. c3 Nc6 5. Bd3 Qb6 6. Qb3 c4 7. Qxb6 axb6 8. Bc2
b5 9. b3 b4 10. Ne2 e6 11. O-O Be7 12. bxc4 dxc4 13. Nd2 b5 14. Nf3 O-O 15. Bg5
Bb7 16. Bxf6 Bxf6 17. Be4 Nxd4 18. Nfxd4 Bxe4 19. cxb4 Bd3 20. Rfe1 Bxe2 21.
Rxe2 Rfd8 22. Rd2 c3 23. Rdd1 c2 24. Rd2 Rxa2 25. Rc1 Kf8 26. Rdxc2 Rxc2 27.
Rxc2 e5 28. Kf1 exd4 29. exd4 Rxd4 30. Rc8+ Ke7 31. Rc7+ Ke6 32. Rc6+ Kd7 33.
Rb6 Rxb4 34. Rb7+ Ke6 35. Rb6+ Kf5 36. Rb7 Kg6 37. Ke1 Rb2 38. Rd7 b4 39. Rd3
Be5 40. h3 b3 41. Re3 Rb1+ 42. Ke2 f6 43. Kf3 b2 44. Rb3 Rc1 45. Ke2 b1=Q 46.
Rxb1 Rxb1 47. Ke3 Rd1 48. Ke2 Rd5 49. Ke3 Kf5 50. g4+ Kg5 51. Ke4 Rd4+ 52. Kf3
Bf4 53. Kg2 Rd3 54. f3 Rd2+ 55. Kf1 Bg3 56. Kg1 Kf4 57. h4 Kxf3 58. g5 Rd1# 0-1